Central Library OPAC University of Rajshahi

The Role and Status of Rural Working Women in Bangladesh : (Record no. 77581)

MARC details
000 -LEADER
fixed length control field 01006nam a2200265 a 4500
001 - CONTROL NUMBER
control field 77581
003 - CONTROL NUMBER IDENTIFIER
rucl marc code BD-RjUL
005 - DATE AND TIME OF LATEST TRANSACTION
control field 20211209083010.0
008 - FIXED-LENGTH DATA ELEMENTS--GENERAL INFORMATION
fixed length control field 201201s1998 b a|||| m||| 00| 0 eng d
035 ## - SYSTEM CONTROL NUMBER
System control number (BD-RjUL)77807
040 ## - CATALOGING SOURCE
Original cataloging agency BD-RjUL
Language of cataloging eng
Modifying agency BD-RjUL
041 ## - LANGUAGE CODE
Language code of text/sound track or separate title eng
082 ## - DEWEY DECIMAL CLASSIFICATION NUMBER
Edition number 23
Classification number 305.42095492
Author mark and year MOR 1998
100 ## - MAIN ENTRY--PERSONAL NAME
Personal name Moin, Julia
9 (RLIN) 242200
245 14 - TITLE STATEMENT
Title The Role and Status of Rural Working Women in Bangladesh :
Remainder of title A case Study /
Statement of responsibility, etc. Julia Moin ;
Linkage Supervisor: Kazi Tobarak Hossain
260 ## - PUBLICATION, DISTRIBUTION, ETC. (IMPRINT)
Place of publication, distribution, etc. Rajshahi :
Name of publisher, distributor, etc. Department of Sociology, University of Rajshahi,
Date of publication, distribution, etc. 1998
300 ## - PHYSICAL DESCRIPTION
Pagination xi, 171 Leaves :
Illustrations Ill. ;
Size 29 cm
502 ## - DISSERTATION NOTE
Dissertation note Thesis (M. Phil.) -- Department of Sociology, University of Rajshahi, 1998
504 ## - BIBLIOGRAPHY, ETC. NOTE
Bibliography, etc References : Leaves [150]-158
650 ## - SUBJECT ADDED ENTRY--TOPICAL TERM
Topical term or geographic name as entry element Women workers
Chronological subdivision Bangladesh
9 (RLIN) 242726
Topical term or geographic name as entry element Women
Geographic subdivision Bangladesh
General subdivision Social conditions.
9 (RLIN) 242727
Topical term or geographic name as entry element Women in Development
Geographic subdivision Bangladesh
9 (RLIN) 242813
700 ## - ADDED ENTRY--PERSONAL NAME
Personal name Hossain, Kazi Tobarak, Supervisor
942 ## - ADDED ENTRY ELEMENTS (KOHA)
Source of classification or shelving scheme Dewey Decimal Classification
Koha item type Theses
Holdings
Lost status Source of classification or shelving scheme Damaged status Not for loan Collection code Permanent Location Current Location Shelving location Date acquired Source of acquisition Total Checkouts Full call number Date last seen Copy number Koha item type
  Dewey Decimal Classification   Not For Loan Theses Central Library, University of Rajshahi Central Library, University of Rajshahi Documentation Section 12/12/1999 Controller of Exam., R.U.   THE 305.42095492 MOR 1998 01/12/2020 C-1 Theses